[Event "Ogolnopolska Olimpiada Mlodziezy w Sportach Umyslowych - C12"]
[Site "Walbrzych, Zamek Ksiaz"]
[Date "2013-04-18"]
[Round "6.21"]
[White "Polczyk, Mikolaj"]
[Black "Gaj, Szymon"]
[Result "1/2-1/2"]
[WhiteTitle "II+"]
[BlackTitle "II"]
[WhiteElo "1515"]
[BlackElo "1365"]

1. e4 c5 2. Nf3 d6 3. d4 cxd4 4. Nxd4 Nf6 5. Nc3 g6 6. Be3 Bg7 7. f3 O-O 8. Qd2
Nc6 9. O-O-O d5 10. exd5 Nxd5 11. Nxc6 bxc6 12. Bd4 Nxc3 13. Qxc3 Bh6+ 14. Be3
Bxe3+ 15. Qxe3 Qb6 16. Qxb6 axb6 17. Bc4 Ba6 18. Bxa6 Rxa6 19. a3 Kg7 20. Rd7
Kf6 21. Re1 Re8 22. Rd6+ exd6 23. Rxe8 b5 24. Kd2 Rb6 25. Kc3 h5 26. Kb4 Ra6 27.
b3 c5+ 28. Kxb5 Rxa3 29. Kc6 Ra6+ 30. Kd5 Ra2 31. Re2 Ra6 32. g4 h4 33. f4 g5
34. f5 Rb6 35. Re4 Ra6 36. Ra4 Rb6 37. h3 Ke7 38. Ra7+ Kf8 39. f6 Kg8 40. Ra8+
Kh7 41. Rf8 Kg6 42. Rd8 Ra6 43. Rxd6 Ra2 44. Kxc5 Rxc2+ 45. Kb4 Rf2 46. Rd3 Kxf6
47. Ka5 Ke5 48. b4 f5 49. gxf5 Kxf5 50. b5 g4 51. hxg4+ Kxg4 52. b6 Rb2 53. Rd4+
Kg3 54. Rb4 Rxb4 55. Kxb4 h3 56. b7 h2 57. b8=Q+ Kg2 1/2-1/2

[Event "Ogolnopolska Olimpiada Mlodziezy w Sportach Umyslowych - C12"]
[Site "Walbrzych, Zamek Ksiaz"]
[Date "2013-04-18"]
[Round "7.1"]
[White "Gumularz, Szymon"]
[Black "Kowalski, Igor"]
[Result "1/2-1/2"]
[WhiteTitle "I+"]
[BlackTitle "I"]
[WhiteElo "1903"]
[BlackElo "1824"]

1. e4 c5 2. Nf3 a6 3. c4 e6 4. Nc3 Qc7 5. d4 cxd4 6. Nxd4 Nf6 7. a3 Be7 8. Be2
d6 9. f3 b6 10. Qd2 h6 11. Nb3 Qd8 12. Qe3 e5 13. Nd1 Bb7 14. Qf2 Kf8 15. g3 h5
16. a4 Bd5 17. c5 bxc5 18. Nxc5 dxc5 19. Bc4 1/2-1/2

[Event "Ogolnopolska Olimpiada Mlodziezy w Sportach Umyslowych - C12"]
[Site "Walbrzych, Zamek Ksiaz"]
[Date "2013-04-18"]
[Round "7.2"]
[White "Kosakowski, Jakub"]
[Black "Psyk, Radoslaw"]
[Result "1-0"]
[WhiteTitle "I"]
[BlackTitle "I"]
[WhiteElo "1754"]
[BlackElo "1782"]

1. e4 c5 2. Nf3 a6 3. c4 Nc6 4. d4 cxd4 5. Nxd4 Nf6 6. Nc3 d6 7. Be2 e6 8. Be3
Be7 9. Qd2 Qc7 10. Rc1 Ne5 11. f3 b6 12. b3 Bb7 13. Bd3 d5 14. exd5 exd5 15. Nf5
Bf8 16. Bd4 Ba3 17. Rc2 Bf8 18. Qg5 Qb8 19. Ne4 1-0

[Event "Ogolnopolska Olimpiada Mlodziezy w Sportach Umyslowych - C12"]
[Site "Walbrzych, Zamek Ksiaz"]
[Date "2013-04-18"]
[Round "7.3"]
[White "Woloch, Oskar"]
[Black "Lukasiewicz, Krzysztof"]
[Result "0-1"]
[WhiteTitle "II"]
[BlackTitle "I"]
[WhiteElo "1706"]
[BlackElo "1747"]

1. e4 c6 2. Nc3 g6 3. d4 d5 4. Nf3 dxe4 5. Nxe4 Nf6 6. Ng3 Bg7 7. Be2 Nbd7 8. c4
Nb6 9. Be3 Be6 10. Rc1 Qb8 11. Qd2 Ng4 12. Bf4 Qd8 13. h3 Nf6 14. b3 Nbd7 15.
Ng5 Bf5 16. Nxf5 gxf5 17. Bd3 e6 18. Bd6 Nf8 19. c5 Ng6 20. Bf8 Nd5 21. Bb1 Qxg5
22. h4 Qh6 23. Rd1 Rg8 24. Rg1 Nc3 25. g4 fxg4 26. f3 0-1

[Event "Ogolnopolska Olimpiada Mlodziezy w Sportach Umyslowych - C12"]
[Site "Walbrzych, Zamek Ksiaz"]
[Date "2013-04-18"]
[Round "7.4"]
[White "Sernecki, Franciszek"]
[Black "Chylewski, Patryk"]
[Result "1/2-1/2"]
[WhiteTitle "II+"]
[BlackTitle "I"]
[WhiteElo "1696"]
[BlackElo "1729"]

1. e4 c5 2. Nf3 Nc6 3. d4 cxd4 4. Nxd4 Nf6 5. Nc3 e6 6. Ndb5 Bb4 7. a3 Bxc3+ 8.
Nxc3 d5 9. exd5 exd5 10. Bb5 Qa5 11. Bg5 Ne4 12. Bxc6+ bxc6 13. Be3 a6 14. Rb1
h6 15. Kf1 Kf8 16. Bf4 Ke7 17. f3 h5 18. b4 f6 19. Be3 Re8 20. Bd4 Ke6 21. g3
1/2-1/2

[Event "Ogolnopolska Olimpiada Mlodziezy w Sportach Umyslowych - C12"]
[Site "Walbrzych, Zamek Ksiaz"]
[Date "2013-04-18"]
[Round "7.5"]
[White "Pultorak, Jan"]
[Black "Garbowski, Jakub"]
[Result "1-0"]
[WhiteTitle "I"]
[BlackTitle "II+"]
[WhiteElo "1803"]
[BlackElo "1687"]

1. b3 e5 2. Bb2 Nc6 3. e3 Nf6 4. Bb5 Bd6 5. Bxc6 dxc6 6. c4 Bf8 7. d4 e4 8. d5
Qe7 9. dxc6 bxc6 10. Ne2 Bd7 11. h4 Qb4+ 12. Bc3 h5 13. c5 Ke7 14. g3 g6 15. Nf4
Ke8 1-0

[Event "Ogolnopolska Olimpiada Mlodziezy w Sportach Umyslowych - C12"]
[Site "Walbrzych, Zamek Ksiaz"]
[Date "2013-04-18"]
[Round "7.6"]
[White "Szpar, Milosz"]
[Black "Kawaler, Adam"]
[Result "1-0"]
[WhiteTitle "I"]
[BlackTitle "II+"]
[WhiteElo "1717"]
[BlackElo "1633"]

1. e4 d6 2. d4 Nf6 3. Nc3 g6 4. Be3 Bg7 5. f3 c6 6. g4 e5 7. dxe5 Qe7 8. Bc5 h5
9. Nge2 Nxe4 10. Nd5 Rh7 11. Nf6+ 1-0

[Event "Ogolnopolska Olimpiada Mlodziezy w Sportach Umyslowych - C12"]
[Site "Walbrzych, Zamek Ksiaz"]
[Date "2013-04-18"]
[Round "7.8"]
[White "Posluszny, Tomasz"]
[Black "Pytel, Maciej"]
[Result "1/2-1/2"]
[WhiteTitle "II"]
[BlackTitle "II"]
[WhiteElo "1516"]
[BlackElo "1616"]

1. d4 Nf6 2. c4 e6 3. Nc3 Bb4 4. Qc2 b6 5. e4 d6 6. a3 Bxc3+ 7. bxc3 Bb7 8. Bd3
e5 9. f3 Nbd7 10. Ne2 h6 11. a4 a5 12. Be3 g6 13. Nc1 c5 14. Nb3 Ba6 15. dxc5
dxc5 16. Nd2 Bb5 17. cxb5 g5 18. Bc4 h5 19. g4 h4 20. Kf1 Ke7 1/2-1/2

[Event "Ogolnopolska Olimpiada Mlodziezy w Sportach Umyslowych - C12"]
[Site "Walbrzych, Zamek Ksiaz"]
[Date "2013-04-18"]
[Round "7.11"]
[White "Szymanowski, Igor"]
[Black "Wierzbicki, Michal"]
[Result "1-0"]
[WhiteTitle "II"]
[BlackTitle "II"]
[WhiteElo "1654"]
[BlackElo "1405"]

1. e4 e6 2. d4 d5 3. e5 c5 4. c3 Nc6 5. Nf3 Qb6 6. Bd3 cxd4 7. cxd4 Bd7 8. Nc3
a6 9. Qe2 Qc7 10. Bf4 Be7 11. Bxa6 bxa6 12. Qb5 Rb8 13. h3 Bc5 14. Qb6 Qa7 15.
Rd1 h6 16. Qxa6 Rc8 1-0

[Event "Ogolnopolska Olimpiada Mlodziezy w Sportach Umyslowych - C12"]
[Site "Walbrzych, Zamek Ksiaz"]
[Date "2013-04-18"]
[Round "7.15"]
[White "Mendak, Mateusz"]
[Black "Wyczling, Bartosz"]
[Result "1-0"]
[WhiteTitle "II"]
[BlackTitle "II+"]
[WhiteElo "1565"]
[BlackElo "1704"]

1. e4 c5 2. Nf3 d6 3. c4 e5 4. Nc3 g6 5. d3 Bg7 6. Be2 Ne7 7. h3 Nbc6 8. a3 f5
9. Bg5 f4 10. Nb5 h6 11. Bxe7 Qxe7 12. g3 h5 13. Nd2 Be6 14. g4 hxg4 15. hxg4
Nd4 16. Nxd4 exd4 17. Rxh8+ 1-0

[Event "Ogolnopolska Olimpiada Mlodziezy w Sportach Umyslowych - C12"]
[Site "Walbrzych, Zamek Ksiaz"]
[Date "2013-04-18"]
[Round "7.16"]
[White "Dabrowski, Damian"]
[Black "Majocha, Piotr"]
[Result "1-0"]
[WhiteTitle "II"]
[BlackTitle "II"]
[WhiteElo "1589"]
[BlackElo "1503"]

1. e4 c5 2. Nf3 Nc6 3. d4 cxd4 4. Nxd4 Nf6 5. Nc3 g6 6. Be3 Bg7 7. Bc4 O-O 8. Bb3
a6 9. f3 d6 10. Qd2 Bd7 11. O-O-O b5 12. h4 Na5 13. g4 Nc4 14. Qe2 Nxe3 15. Qxe3
b4 16. Nce2 a5 17. h5 a4 18. Bc4 Qc7 19. b3 axb3 20. Bxb3 e5 21. hxg6 hxg6 22.
Nf5 gxf5 23. gxf5 Rfc8 24. Rdg1 Ne8 25. Rxg7+ Nxg7 26. Qh6 Kf8 27. f6 Rxa2 28.
Qh8# 1-0

[Event "Ogolnopolska Olimpiada Mlodziezy w Sportach Umyslowych - C12"]
[Site "Walbrzych, Zamek Ksiaz"]
[Date "2013-04-18"]
[Round "7.17"]
[White "Laszczak, Przemyslaw"]
[Black "Rak, Maciej"]
[Result "1-0"]
[WhiteTitle "II+"]
[BlackTitle "III"]
[WhiteElo "1506"]
[BlackElo "1352"]

1. Nf3 d5 2. c4 e6 3. e3 Nf6 4. Nc3 Be7 5. b3 Nbd7 6. Bb2 O-O 7. Be2 b6 8. O-O
Bb7 9. d4 c5 10. cxd5 Nxd5 11. Rc1 Rc8 12. Nxd5 Bxd5 13. Qd2 Bb7 14. Rfd1 h6 15.
dxc5 Nxc5 16. Qc3 Bf6 17. Rxd8 Bxc3 18. Rxf8+ Kxf8 19. Bxc3 Ne4 20. Bb4+ Ke8 21.
Rxc8+ Bxc8 22. Ne5 f6 23. Bb5+ Kd8 24. Nf7+ Kc7 25. f3 Nc5 26. Bxc5 bxc5 27. Nh8
g5 28. g4 Bd7 29. Bxd7 Kxd7 30. f4 a5 31. a4 c4 32. bxc4 Kc6 33. Kf1 Kc5 34. Ke2
Kxc4 35. Nf7 Kb4 36. Kd3 Kxa4 37. Kc3 Kb5 38. Nxh6 Kc5 39. fxg5 fxg5 40. Nf7 1-0

[Event "Ogolnopolska Olimpiada Mlodziezy w Sportach Umyslowych - C12"]
[Site "Walbrzych, Zamek Ksiaz"]
[Date "2013-04-18"]
[Round "7.18"]
[White "Miszkielo, Bartosz"]
[Black "Gaj, Szymon"]
[Result "1/2-1/2"]
[WhiteTitle "II+"]
[BlackTitle "II"]
[WhiteElo "1656"]
[BlackElo "1365"]

1. e4 c5 2. Nf3 d6 3. Bb5+ Bd7 4. Bxd7+ Nxd7 5. c4 Ngf6 6. Nc3 g6 7. O-O Bg7 8.
d3 O-O 9. h3 a6 10. a4 Rc8 11. Be3 Re8 12. Qd2 Nb8 13. Ne1 Nc6 14. Nc2 Nd7 15.
Kh1 Nd4 16. Bxd4 cxd4 17. Ne2 e5 18. Rab1 Nc5 19. b3 Qc7 20. Rfd1 b5 21. axb5
axb5 22. Nb4 Qd7 23. Nd5 Rb8 24. f4 bxc4 25. bxc4 Rb3 26. Rxb3 Nxb3 27. Qa2 Nc5
28. Qd2 Rb8 29. f5 h5 30. Qg5 Kh7 31. g4 Qd8 32. Qxd8 Rxd8 33. gxh5 gxh5 34. f6
Bh6 35. Ng3 Ra8 36. Nf5 Bf8 37. Rg1 Nxd3 38. Rg5 Nf4 39. Nxf4 exf4 40. Nxd4 Re8
41. Rxh5+ Kg6 42. Rd5 Rxe4 43. Kg2 Kxf6 44. Kf3 Re3+ 45. Kxf4 Rxh3 46. Rf5+ Ke7
47. Kg4 Rc3 48. Rf4 Kd7 49. Nb5 1/2-1/2

[Event "Ogolnopolska Olimpiada Mlodziezy w Sportach Umyslowych - C12"]
[Site "Walbrzych, Zamek Ksiaz"]
[Date "2013-04-18"]
[Round "7.20"]
[White "Twardowski, Hubert"]
[Black "Polczyk, Mikolaj"]
[Result "0-1"]
[WhiteTitle "II"]
[BlackTitle "II+"]
[WhiteElo "1353"]
[BlackElo "1515"]

1. e4 e5 2. Nf3 Nc6 3. Bb5 Bc5 4. O-O Nf6 5. d3 d6 6. c3 Bg4 7. h3 Bh5 8. d4 Bxf3
9. gxf3 a6 10. Ba4 Ba7 11. d5 b5 12. dxc6 bxa4 13. Qxa4 Nh5 14. Qc2 Qh4 15. Kh2
O-O 16. Qe2 Rfe8 17. Rg1 Qxf2+ 18. Qxf2 Bxf2 19. Rg2 Ba7 20. Na3 Re6 21. Bd2 Rf6
22. Rf1 Nf4 23. Bxf4 Rxf4 24. Nc2 a5 25. Ne1 Rf6 26. Nd3 Be3 27. Re2 Bf4+ 28.
Nxf4 Rxf4 29. b4 axb4 30. cxb4 f5 31. Rff2 Rb8 32. a3 Rb6 33. exf5 Rxc6 34. Rc2
Rfc4 35. Rb2 Kf7 36. a4 Ra6 37. a5 Kf6 38. Rb3 d5 39. Ra2 c6 40. Rab2 Kxf5 41.
b5 cxb5 42. Rxb5 d4 43. Re2 Re6 44. a6 Ra4 45. Rb7 Rexa6 46. Rxg7 Ra7 47. Rgg2
d3 48. Rd2 Rd7 49. Kg1 Rc4 50. Kf2 e4 51. Rg4 h5 52. Rg8 exf3 53. Rf8+ Kg5 54.
Rxf3 Rf4 55. Kg2 Rxf3 56. Kxf3 Kh4 57. Kg2 Rd8 58. Kh2 Rd6 59. Rd1 d2 60. Kg2
Rd3 61. Kf2 Kxh3 62. Rh1+ Kg4 63. Rg1+ Kf4 64. Rd1 h4 65. Ke2 Rd8 66. Rf1+ Kg3
67. Rg1+ Kh2 68. Rd1 Kg2 0-1

[Event "Ogolnopolska Olimpiada Mlodziezy w Sportach Umyslowych - C12"]
[Site "Walbrzych, Zamek Ksiaz"]
[Date "2013-04-18"]
[Round "7.21"]
[White "Ulatowski, Jakub"]
[Black "Pacan-milej, Kosma"]
[Result "0-1"]
[WhiteTitle "II"]
[BlackTitle "II"]
[WhiteElo "1455"]
[BlackElo "1257"]

1. e4 c6 2. d4 d5 3. Nc3 dxe4 4. Nxe4 Bf5 5. Ng3 Bg6 6. h4 h6 7. Nf3 Nd7 8. Bd3
Bxd3 9. Qxd3 Ngf6 10. Bd2 Qc7 11. O-O-O e6 12. Qe2 Bd6 13. Nf5 Bf8 14. h5 O-O-O
15. Ne3 Be7 16. Nc4 Rhe8 17. Nce5 Nxe5 18. dxe5 Nd7 19. Bc3 Nc5 20. Rxd8+ Rxd8
21. Qc4 b5 22. Qf4 Bf8 23. Qe3 Na4 24. Bd2 Bc5 25. Qe2 Qe7 26. b3 Nb6 27. Bc3
Bb4 28. Bb2 Nd5 29. Qe4 Kb7 30. Nd4 Qc5 31. Rh3 Nc3 32. Bxc3 Bxc3 33. Nxb5 Bd2+
34. Kb2 Qxb5 35. Rf3 Rd7 36. Qh7 Qxe5+ 37. Kb1 0-1

[Event "Ogolnopolska Olimpiada Mlodziezy w Sportach Umyslowych - C12"]
[Site "Walbrzych, Zamek Ksiaz"]
[Date "2013-04-18"]
[Round "8.1"]
[White "Pultorak, Jan"]
[Black "Gumularz, Szymon"]
[Result "0-1"]
[WhiteTitle "I"]
[BlackTitle "I+"]
[WhiteElo "1803"]
[BlackElo "1903"]

1. e4 c5 2. b3 e6 3. Bb2 d6 4. Nc3 Nf6 5. Bb5+ Nbd7 6. f4 a6 7. Bxd7+ Nxd7 8. Nf3
Be7 9. O-O O-O 10. Ne2 b5 11. d3 Bb7 12. g4 d5 13. e5 d4 14. b4 f6 15. exf6 Nxf6
16. bxc5 Nxg4 17. Bxd4 e5 18. Bxe5 Bxf3 19. Rxf3 Nxe5 20. Re3 Bxc5 21. d4 Nc4
22. Rg3 Be7 23. d5 Bc5+ 24. Kh1 Ne3 25. Qd3 Qxd5+ 26. Qxd5+ Nxd5 0-1

[Event "Ogolnopolska Olimpiada Mlodziezy w Sportach Umyslowych - C12"]
[Site "Walbrzych, Zamek Ksiaz"]
[Date "2013-04-18"]
[Round "8.2"]
[White "Lukasiewicz, Krzysztof"]
[Black "Kosakowski, Jakub"]
[Result "1-0"]
[WhiteTitle "I"]
[BlackTitle "I"]
[WhiteElo "1747"]
[BlackElo "1754"]

1. e4 c5 2. Nf3 d6 3. d4 cxd4 4. Nxd4 Nf6 5. Nc3 a6 6. Bc4 e6 7. Bb3 Nbd7 8. O-O
Nc5 9. Qf3 b5 10. Re1 Bb7 11. Bd5 exd5 12. exd5+ Kd7 13. Bg5 Kc7 14. Nc6 Qd7 15.
Bxf6 gxf6 16. Qxf6 Rg8 17. b4 Rg6 18. Qf3 Ne6 19. Re3 Ng5 20. Qd1 Qf5 21. f3 Qf4
22. Qe2 Bxc6 23. dxc6 Qc4 24. Qd2 Qxc6 25. Nd5+ Kb7 26. Rc3 Qd7 27. Qe3 Qd8 28.
Rc7+ Qxc7 29. Nxc7 Kxc7 30. f4 Bg7 31. Rd1 Re6 32. Qg3 Rg6 33. fxg5 Be5 34. Qf3
Rf8 35. Qe3 Kb7 36. Qe4+ Kc7 37. c4 Re6 38. Qd5 Rb8 39. c5 Rd8 40. Rc1 Kd7 41.
c6+ Kc7 42. Qd2 d5 43. Qf2 Rxc6 44. Qa7+ Kd6 45. Rxc6+ Kxc6 46. Qxa6+ Kc7 47.
Qa5+ Kd7 48. Qxb5+ Ke6 49. a4 d4 50. Qd3 Rd7 51. Kf1 Rc7 52. Ke2 Rc3 53. Qxh7
Ra3 54. g6 d3+ 55. Ke3 fxg6 56. Qxg6+ Kd5 57. Qe4+ Kd6 58. h4 Bf6 59. b5 Rb3 60.
Qc6+ 1-0

[Event "Ogolnopolska Olimpiada Mlodziezy w Sportach Umyslowych - C12"]
[Site "Walbrzych, Zamek Ksiaz"]
[Date "2013-04-18"]
[Round "8.3"]
[White "Szpar, Milosz"]
[Black "Chylewski, Patryk"]
[Result "1/2-1/2"]
[WhiteTitle "I"]
[BlackTitle "I"]
[WhiteElo "1717"]
[BlackElo "1729"]

1. e4 c5 2. Nf3 d6 3. d4 cxd4 4. Nxd4 Nf6 5. Nc3 a6 6. Be2 e6 7. Be3 b5 8. a3 Bb7
9. Bd3 Nbd7 10. f4 Qc7 11. O-O Be7 12. Qf3 O-O 13. Rae1 Nb6 14. Qg3 Nc4 15. Bxc4
Qxc4 16. e5 dxe5 17. fxe5 Ne4 18. Nxe4 Bxe4 19. Rf4 Qd5 20. Qg4 Bg6 21. Bf2 Rac8
22. c3 a5 23. Bh4 Bc5 24. Qf3 Qd7 25. Rd1 Qc7 26. Qe3 b4 27. axb4 axb4 28. cxb4
Ba7 29. Be1 Rfd8 30. Bc3 Rd5 31. Re1 Rcd8 32. h4 Bb8 33. Rf2 Qd7 34. Rd2 Bxe5
35. Qxe5 Rxe5 36. Rxe5 Qa7 37. Ra5 Qb6 38. Rc5 Ra8 39. Kh2 Be4 40. Nb3 Bd5 41.
Na5 Qa6 42. Rc2 Be4 43. Rf2 Qd3 44. Rg5 g6 45. Rc5 Qe3 46. Rd2 Qf4+ 47. Kg1 Qxh4
48. b5 Qg3 49. b4 Qe3+ 50. Kf1 Bd3+ 51. Rxd3 Qxd3+ 52. Kg1 h5 53. b6 Qe3+ 54.
Kh2 Qf4+ 55. g3 Qf2+ 56. Kh3 Qf1+ 57. Kh2 Qe2+ 58. Kh3 Qg4+ 59. Kh2 Qe2+ 60. Kh3
Qg4+ 61. Kh2 h4 62. gxh4 Qxh4+ 63. Kg2 Qg4+ 64. Kf2 Qf4+ 65. Kg2 Qe4+ 66. Kf2
Rd8 67. b7 Qc2+ 68. Kf1 Qc1+ 69. Kf2 Qf4+ 70. Ke2 Qh2+ 71. Ke1 Qg3+ 72. Ke2 Qg4+
73. Ke1 Qe4+ 74. Kf1 Qd3+ 75. Kf2 Qc2+ 76. Kf1 Qc1+ 77. Kf2 Qc2+ 78. Kf1 Qb1+
79. Kf2 Qc2+ 80. Kf1 1/2-1/2

[Event "Ogolnopolska Olimpiada Mlodziezy w Sportach Umyslowych - C12"]
[Site "Walbrzych, Zamek Ksiaz"]
[Date "2013-04-18"]
[Round "8.4"]
[White "Kowalski, Igor"]
[Black "Sernecki, Franciszek"]
[Result "1/2-1/2"]
[WhiteTitle "I"]
[BlackTitle "II+"]
[WhiteElo "1824"]
[BlackElo "1696"]

1. e4 c5 2. Nf3 Nc6 3. d4 cxd4 4. Nxd4 g6 5. c4 Nf6 6. Nc3 Nxd4 7. Qxd4 d6 8. Be2
Bg7 9. Be3 O-O 10. Qd2 b6 11. O-O Bb7 12. f3 Nd7 13. Rfd1 a5 14. Rac1 Nc5 15.
b3 Bc6 16. Nb5 Rb8 17. Qc2 Bxb5 18. cxb5 Rc8 19. Qd2 Re8 20. Rc2 Nd7 21. Bc4 Ne5
22. Rdc1 Nxc4 23. Rxc4 Rxc4 24. Rxc4 Qd7 25. Rc6 Rb8 26. a4 Qd8 27. Qf2 d5 28.
exd5 Qxd5 29. Qc2 Bd4 30. Bxd4 Qxd4+ 31. Kf1 Qa1+ 32. Qc1 Qxc1+ 33. Rxc1 Kf8 34.
Rc6 Ke8 35. Ke2 Kd7 36. Ke3 f6 37. Ke4 e6 38. f4 h5 39. h3 Rb7 40. g4 hxg4 41.
hxg4 Ke7 42. g5 Kf7 43. Kd4 Ke7 44. Kc4 fxg5 45. fxg5 Kd7 46. b4 axb4 47. Kxb4
Rb8 48. a5 bxa5+ 49. Kxa5 Rb7 50. Ka6 Rb8 51. Rc2 e5 52. b6 Ke6 53. Ka7 Rg8 54.
b7 Kf5 55. b8=Q Rxb8 56. Kxb8 Kxg5 57. Kc7 Kf4 58. Kd6 g5 59. Kd5 g4 60. Rc4+
Kf3 61. Kxe5 g3 62. Rc3+ Kf2 63. Kf4 g2 64. Rc2+ Kg1 1/2-1/2

[Event "Ogolnopolska Olimpiada Mlodziezy w Sportach Umyslowych - C12"]
[Site "Walbrzych, Zamek Ksiaz"]
[Date "2013-04-18"]
[Round "8.5"]
[White "Psyk, Radoslaw"]
[Black "Tustanowski, Mateusz"]
[Result "1-0"]
[WhiteTitle "I"]
[BlackTitle "II+"]
[WhiteElo "1782"]
[BlackElo "1602"]

1. e4 e5 2. Nf3 Nc6 3. Bb5 a6 4. Ba4 Nf6 5. O-O Be7 6. Re1 b5 7. Bb3 O-O 8. d3
d6 9. h3 Bb7 10. c3 Na5 11. Bc2 c5 12. Nbd2 Nc6 13. Nf1 Qc7 14. Ng3 Rad8 15. Bg5
d5 16. Bxf6 Bxf6 17. Qe2 g6 18. Rad1 d4 19. Nh2 dxc3 20. bxc3 Bg7 21. Qe3 Qe7
22. Ne2 Rd7 23. Qg3 Rfd8 24. Ng4 b4 25. Ne3 bxc3 26. Nd5 Rxd5 27. exd5 Nb4 28.
Bb3 e4 29. dxe4 c4 30. Bxc4 Rc8 31. d6 Qd7 32. Bb3 c2 33. Rd2 Bb2 34. Bxc2 Rxc2
35. Rxc2 Nxc2 36. Rb1 Bg7 37. Qb3 Bxe4 38. Ng3 Na3 39. Qb8+ Bf8 40. Nxe4 Qf5 41.
Re1 Nc2 42. d7 1-0

[Event "Ogolnopolska Olimpiada Mlodziezy w Sportach Umyslowych - C12"]
[Site "Walbrzych, Zamek Ksiaz"]
[Date "2013-04-18"]
[Round "8.6"]
[White "Garbowski, Jakub"]
[Black "Lis, Mateusz"]
[Result "0-1"]
[WhiteTitle "II+"]
[BlackTitle "II+"]
[WhiteElo "1687"]
[BlackElo "1687"]

1. e4 c6 2. d4 d5 3. exd5 cxd5 4. Bd3 Nc6 5. c3 Nf6 6. h3 e6 7. Bf4 Bd6 8. Bxd6
Qxd6 9. Nf3 O-O 10. O-O Bd7 11. Nbd2 Rab8 12. Qe2 Rfc8 13. Ne5 Be8 14. f4 b5 15.
f5 b4 16. fxe6 fxe6 17. Qe3 Nd7 18. Ng4 Bh5 19. Qg5 Bxg4 20. Qxg4 Rf8 21. Qh4
h6 22. Nf3 e5 23. dxe5 Ndxe5 24. Nxe5 Nxe5 25. Qd4 Nxd3 26. Qxd3 bxc3 27. bxc3
Qc5+ 28. Kh1 Rxf1+ 29. Rxf1 Rc8 30. Rf5 Qxc3 31. Qxd5+ Kh8 32. Rf7 Qg3 33. Qd2
Re8 34. Rf1 Qe5 35. Qd3 a5 36. Rb1 Rc8 37. Qb5 Qe4 38. a4 Rc2 39. Qf1 Rc8 40.
Qd1 Qe3 41. Qg4 Rf8 42. Rd1 Qe5 43. Qd4 Rf1+ 44. Qg1 Rxg1+ 0-1

[Event "Ogolnopolska Olimpiada Mlodziezy w Sportach Umyslowych - C12"]
[Site "Walbrzych, Zamek Ksiaz"]
[Date "2013-04-18"]
[Round "8.7"]
[White "Posluszny, Tomasz"]
[Black "Woloch, Oskar"]
[Result "0-1"]
[WhiteTitle "II"]
[BlackTitle "II"]
[WhiteElo "1516"]
[BlackElo "1706"]

1. d4 c5 2. d5 e5 3. c4 d6 4. e4 Be7 5. Nc3 a6 6. Bd3 Bg5 7. Nf3 Bxc1 8. Rxc1 Nh6
9. O-O O-O 10. Qd2 Re8 11. Rfe1 Nd7 12. h3 Nf8 13. g4 Kh8 14. g5 Ng8 15. h4 Ng6
16. h5 Nf4 17. Be2 Nxh5 18. Nxe5 Rxe5 19. f4 Nxf4 20. Qxf4 Qxg5+ 21. Qxg5 Rxg5+
22. Kf2 Bd7 23. a3 a5 24. Rb1 Nf6 25. Bd3 Ng4+ 26. Ke2 Ne5 27. Bc2 Rg2+ 28. Kd1
Nxc4 29. Ne2 Bg4 30. Bd3 Ne5 31. Kc2 c4 32. Bxc4 Nxc4 33. Kd3 Ne5+ 34. Ke3 Rxe2+
35. Rxe2 Bxe2 36. Kxe2 Rc8 37. b4 a4 0-1

[Event "Ogolnopolska Olimpiada Mlodziezy w Sportach Umyslowych - C12"]
[Site "Walbrzych, Zamek Ksiaz"]
[Date "2013-04-18"]
[Round "8.8"]
[White "Kubiak, Jakub"]
[Black "Szymanowski, Igor"]
[Result "1/2-1/2"]
[WhiteTitle "II+"]
[BlackTitle "II"]
[WhiteElo "1492"]
[BlackElo "1654"]

1. e4 c5 2. Nf3 d6 3. d4 cxd4 4. Nxd4 Nf6 5. Nc3 a6 6. f3 e5 7. Nb3 Be6 8. Be3
Be7 9. Qd2 O-O 10. O-O-O b5 11. g4 Nbd7 12. g5 b4 13. Ne2 Ne8 14. h4 a5 15. Kb1
a4 16. Nbc1 b3 17. cxb3 axb3 18. Nxb3 Rxa2 19. Kxa2 Qa8+ 20. Kb1 Bxb3 21. Nc3
Nc7 22. Bd3 Qa5 23. Bc2 Bc4 24. Bd3 Bb3 25. Bc2 Bc4 26. Bd3 Bb3 27. Bc2 Bc4 1/2-1/2

[Event "Ogolnopolska Olimpiada Mlodziezy w Sportach Umyslowych - C12"]
[Site "Walbrzych, Zamek Ksiaz"]
[Date "2013-04-18"]
[Round "8.9"]
[White "Pytel, Maciej"]
[Black "Muzyka, Dominik"]
[Result "1-0"]
[WhiteTitle "II"]
[BlackTitle "II"]
[WhiteElo "1616"]
[BlackElo "1610"]

1. e4 c5 2. Nf3 d6 3. d4 cxd4 4. Nxd4 Nf6 5. Nc3 a6 6. Bg5 e6 7. f4 Qc7 8. Qf3
b5 9. Bxf6 gxf6 10. O-O-O Bb7 11. f5 b4 12. fxe6 bxc3 13. Qxf6 cxb2+ 14. Kb1 Rg8
15. Bb5+ axb5 16. Nxb5 Qxc2+ 17. Kxc2 Bxe4+ 18. Kb3 b1=Q+ 19. Rxb1 Bd5+ 20. Kc3
Ra3+ 21. Rb3 Rxb3+ 22. axb3 Bxe6 23. Rc1 1-0

[Event "Ogolnopolska Olimpiada Mlodziezy w Sportach Umyslowych - C12"]
[Site "Walbrzych, Zamek Ksiaz"]
[Date "2013-04-18"]
[Round "8.10"]
[White "Kawaler, Adam"]
[Black "Dabrowski, Damian"]
[Result "1-0"]
[WhiteTitle "II+"]
[BlackTitle "II"]
[WhiteElo "1633"]
[BlackElo "1589"]

1. d4 Nf6 2. Nf3 g6 3. g3 Bg7 4. Bg2 d5 5. O-O O-O 6. c4 dxc4 7. Nbd2 Be6 8. Qc2
b5 9. a4 c6 10. Ng5 Nd5 11. Nxe6 fxe6 12. axb5 cxb5 13. e4 Nb4 14. Qc3 N8c6 15.
e5 Nd5 16. Bxd5 exd5 17. f4 Qb6 18. Nf3 e6 19. Be3 Rfe8 20. Qa3 a5 21. Qc5 Qxc5
22. dxc5 Bf8 23. Rfe1 h6 24. h4 Rec8 25. g4 Nb4 26. Re2 Bxc5 27. Bxc5 Rxc5 28.
Nd4 Kf7 29. f5 gxf5 30. gxf5 Rg8+ 31. Kh1 exf5 32. e6+ Ke8 33. Rxa5 Rc8 34. Nxf5
Nc6 35. Rxb5 Rc7 36. Rc5 Rg6 37. Rg2 Rxg2 38. Kxg2 Rc8 39. Nd6+ Kd8 40. Nxc8 Kxc8
41. Rxc6+ Kd8 42. Kf3 Ke7 43. Kf4 d4 44. Ke5 d3 45. Rc7+ Kf8 46. Kf6 Kg8 47. e7
d2 48. e8=Q# 1-0

[Event "Ogolnopolska Olimpiada Mlodziezy w Sportach Umyslowych - C12"]
[Site "Walbrzych, Zamek Ksiaz"]
[Date "2013-04-18"]
[Round "8.11"]
[White "Paliszewski, Dominik"]
[Black "Kokoszczynski, Jan"]
[Result "0-1"]
[WhiteTitle "II"]
[BlackTitle "II"]
[WhiteElo "1600"]
[BlackElo "1623"]

1. e4 e5 2. Bc4 c6 3. Qe2 g6 4. d3 Bg7 5. Bb3 Nf6 6. Nf3 d6 7. h3 O-O 8. Nbd2 Nbd7
9. Nf1 Nc5 10. Be3 Ne6 11. c3 Nh5 12. g3 c5 13. Qd2 Qc7 14. g4 Nhf4 15. Bxe6 Ng2+
16. Ke2 fxe6 17. Rg1 Nf4+ 18. Bxf4 Rxf4 19. h4 h6 20. Ne3 b6 21. Rg3 Ba6 22. c4
Raf8 23. Ng2 R4f7 24. Rf1 d5 25. b3 Bb7 26. Qe3 Qc6 27. exd5 exd5 28. h5 d4 29.
Qe4 Qe6 30. hxg6 Re7 31. Nd2 Bxe4 32. Nxe4 Bf6 33. Rh1 Bg5 34. Nh4 Bxh4 35. Rxh4
Rf4 36. Rgh3 Rxe4+ 37. dxe4 Qxg6 38. Kd3 Rh7 39. Rh5 Kg7 40. f3 Kg8 41. Rf5 Rf7
42. Rhh5 Kg7 43. Ke2 Rxf5 44. Rxf5 Qd6 45. Kd3 a6 46. a4 Qe6 47. Rh5 Qe8 48. Rh2
Qf8 49. Rf2 Qf4 50. Re2 Qxf3+ 51. Kd2 Qc3+ 52. Kd1 Qxb3+ 0-1

[Event "Ogolnopolska Olimpiada Mlodziezy w Sportach Umyslowych - C12"]
[Site "Walbrzych, Zamek Ksiaz"]
[Date "2013-04-18"]
[Round "8.12"]
[White "Poplawski, Maciej"]
[Black "Krawczyk, Piotr"]
[Result "1-0"]
[WhiteTitle "II"]
[BlackTitle "II"]
[WhiteElo "1605"]
[BlackElo "1439"]

1. d4 d5 2. c4 e6 3. Nc3 Nf6 4. Bf4 Bd6 5. Bg3 Bxg3 6. hxg3 Nbd7 7. e3 b6 8. cxd5
exd5 9. Nf3 Bb7 10. Bd3 c5 11. Bc2 Qc7 12. Nb5 Qb8 13. Nh4 a6 14. Nc3 cxd4 15.
Qxd4 Qe5 16. Nf5 Qxd4 17. exd4 O-O 18. Nd6 Bc6 19. Nf5 Rfe8+ 20. Kd2 Re6 21. Ne2
Ne4+ 22. Bxe4 dxe4 23. Nf4 Ree8 24. d5 Bb5 25. a4 Nc5 26. axb5 Nb3+ 27. Ke3 Nxa1
28. Rxa1 g5 29. Nh5 axb5 30. Nf6+ Kh8 31. Rh1 1-0